[Event "Delft Prinsenstad op-C"]
[Site "Delft"]
[Date "2008.01.05"]
[Round "4"]
[White "Poots, Rene"]
[Black "Loke, Jim"]
[Result "1-0"]
[WhiteElo "1528"]
[BlackElo "1595"]
[PlyCount "53"]
[EventDate "2008.01.04"]
[EventType "swiss"]
[EventRounds "6"]
[EventCountry "NED"]
[SourceTitle "EXT 2010"]
[Source "ChessBase"]
[SourceDate "2010.11.25"]
[SourceVersion "1"]
[SourceVersionDate "2010.11.25"]
[SourceQuality "1"]

1. d4 d6 2. c4 Nd7 3. Nc3 g6 4. Nf3 Bg7 5. e4 b6 6. b3 e6 7. Bb2 Ne7 8. Rc1 Bb7 9. Qc2 0-0 10. Bd3 Nc6 11. a3 Nxd4 12. Nxd4 Bxd4 13. Nd1 Bg7 14. Bxg7 Kxg7 15. Ne3 Qg5 16. 0-0 Kg8 17. Nd1 f5 18. f3 Nc5 19. Nc3 Qe3+ 20. Kh1 Qxd3 21. Qf2 Nxb3 22. Rc2 fxe4 23. Rd1 Qxc4 24. Nxe4 Qa6 25. Rxc7 Bxe4 26. Qh4 h5 27. Qe7 1-0